| 000 | 00457nam a2200181Ia 4500 | ||
|---|---|---|---|
| 001 | 24156 | ||
| 005 | 20260414151024.0 | ||
| 008 | 260414t2008||||xx |||||||||||||| ||spa|| | ||
| 041 | _aESP | ||
| 082 |
_a789.2856 _bP19 T. 1 |
||
| 100 |
_aPalacios Ortega, Virgilio _eAUT |
||
| 245 | 0 |
_aCatálogo de la música tradicional de Puno _b |
|
| 260 | _c2008 | ||
| 300 |
_a504 páginas : _c28 cm. |
||
| 650 | _aABD | ||
| 654 | _aCAU | ||
| 942 |
_cLIB _dJUS _fJUS _2ddc _n |
||
| 999 |
_c24156 _d24156 |
||